000 00842nam a2200193Ia 4500
008 0000001994 ck a 0000000000spa00
090 _aPUS00 B82n
100 1 _aBudoff, Nathan, 1962
245 1 0 _aNathan Budoff
_b: planeta torcido
_c/ fotografías Ernesto Monsalve
300 _a11 p.
_c/ 18 cm.
500 _aExposición realizada en en Centro Colombo Americano de Bogotá en julio de 1994 \ Texto en inglés \ Con el patronazgo del maestro venezolano Jesús Rafael Soto (q.e.p.d.) \ Registro auspiciado por el IDCT. Bogotá
600 0 0 _a BUDOFF, NATHAN, 1962/
_xTRABAJOS PICTORICOS
650 1 4 _a PINTURA ESTADOUNIDENSE
650 1 4 _aARTISTAS PLASTICOS ESTADOUNIDENSES
650 1 4 _xCATALOGOS
650 1 4 _xEXPOSICIONES
700 1 _aMonsalve, Ernesto
999 _c3956
_d3956
260 _aBogotá : Centro Colombo Americano \
_c1994